[Event "63rd ch-RUS HL w"]
[Site "Yekaterinburg RUS"]
[Date "2013.06.27"]
[Round "7.7"]
[White "Monina, Polina"]
[Black "Balaian, Alina"]
[Result "1/2-1/2"]
[BlackTitle "WIM"]
[WhiteElo "1958"]
[BlackElo "2237"]
[WhiteFideId "24127019"]
[BlackFideId "24115347"]
[EventDate "2013.06.20"]

1. d4 Nf6 2. c4 g6 3. Nf3 Bg7 4. g3 O-O 5. Bg2 d5 6. O-O dxc4 7. Qc2 Nc6 8. Rd1
h6 9. Na3 Bf5 10. Qxc4 Be4 11. b3 a5 12. Bb2 Nb4 13. Ne5 Bxg2 14. Kxg2 Qd5+ 15.
Qxd5 Nbxd5 16. Nd3 Ne4 17. e3 c6 18. Nc2 Nec3 19. Re1 Nb5 20. a4 Nbc7 21. Na3
Na6 22. Re2 Nab4 23. Nxb4 Nxb4 24. Nc2 Ra6 25. Nxb4 axb4 26. Rc1 Rb8 27. Rc4 b5
28. axb5 Rxb5 29. Rec2 Rbb6 30. Bc1 e6 31. Bd2 Bf8 32. Bc1 Kg7 33. Kf3 Kf6 34.
Ke4 Ke7 35. Kd3 Kd7 36. e4 Ra5 37. f4 f5 38. e5 Ra1 39. Rb2 Kc7 40. Kc2 Kb7 41.
Rb1 Ra5 42. Bb2 Ka6 1/2-1/2

[Event "63rd ch-RUS HL w"]
[Site "Yekaterinburg RUS"]
[Date "2013.06.27"]
[Round "7.8"]
[White "Nasybullina, Alfia"]
[Black "Bivol, Alina"]
[Result "0-1"]
[BlackTitle "WIM"]
[WhiteElo "2095"]
[BlackElo "2207"]
[WhiteFideId "4132416"]
[BlackFideId "4100123"]
[EventDate "2013.06.20"]

1. e4 e6 2. d4 d5 3. exd5 exd5 4. c4 Nf6 5. Nc3 c6 6. Nf3 Bd6 7. Bd3 dxc4 8.
Bxc4 O-O 9. O-O Nbd7 10. Bg5 h6 11. Bh4 g5 12. Nxg5 hxg5 13. Bxg5 Qa5 14. f4 Kg7
15. Rf3 Rh8 16. Rg3 Kf8 17. Qe2 b5 18. Ne4 Nxe4 19. Qxe4 bxc4 20. Re1 Ne5 21.
fxe5 Be7 22. Rf1 Bxg5 23. Qxc6 Qd8 24. Qxa8 Be6 25. Qe4 Rh4 26. Qe1 Qxd4+ 27.
Kh1 Qd2 28. Qxd2 Bxd2 29. Ra3 a5 30. h3 Re4 31. Rf2 Bf4 32. g3 Bxe5 33. Kh2 Rh4
34. Re3 Rxh3+ 35. Kg2 Rh5 36. Rd2 Bc7 37. Ra3 Bd5+ 38. Kf1 Be4 39. Rd7 Rh1+ 40.
Ke2 Bb6 41. Rd2 Bd3+ 42. Kf3 Kg7 43. b3 c3 0-1

[Event "63rd ch-RUS HL w"]
[Site "Yekaterinburg RUS"]
[Date "2013.06.27"]
[Round "7.9"]
[White "Rodionova, Daria"]
[Black "Pustovidko, Anastasia"]
[Result "0-1"]
[WhiteTitle "WFM"]
[WhiteElo "2109"]
[BlackElo "1905"]
[WhiteFideId "24136638"]
[BlackFideId "24102547"]
[EventDate "2013.06.20"]

1. e4 c6 2. d4 d5 3. Nc3 dxe4 4. Nxe4 Bf5 5. Ng3 Bg6 6. h4 h6 7. Nf3 Nd7 8. h5
Bh7 9. Bd3 Bxd3 10. Qxd3 e6 11. Bd2 Ngf6 12. O-O-O Qc7 13. Ne4 Nxe4 14. Qxe4 Nf6
15. Qe2 Bd6 16. Ne5 O-O-O 17. Nd3 Nd5 18. g3 Qe7 19. Kb1 Rhe8 20. c4 Nf6 21. Bc3
Nd7 22. f4 f5 23. Ba5 Bc7 24. Bxc7 Kxc7 25. Rhe1 Nf6 26. Nc5 Rd6 27. Rd3 b6 28.
Na6+ Kb7 29. c5 Rd7 30. Nb4 bxc5 31. dxc5 Qxc5 32. Rb3 Ka8 33. Na6 Qd5 34. Qe5
Qxe5 35. Rxe5 Ne4 36. Rxe6 Red8 37. Re3 Kb7 38. Nb4 Rd1+ 39. Kc2 R8d2+ 40. Kb3
Nc5+ 41. Kc3 Nxe6 42. Rxe6 Rd6 43. Re7+ Rd7 44. Re3 Kb6 45. Nc2 R1d5 46. Ne1 Rd4
47. Nc2 Re4 48. Rf3 Rd5 49. Rd3 Re2 50. Nd4 Rh2 51. Re3 Rxh5 52. Re6 Rc5+ 53.
Kd3 g5 54. b4 Rc1 55. b5 gxf4 56. gxf4 Rhh1 57. Rxc6+ Rxc6 58. bxc6 h5 59. Nxf5
Kxc6 60. Ke4 h4 61. Kf3 h3 62. Kg3 h2 63. Kg2 Rf1 64. Kxh2 Rxf4 0-1

[Event "63rd ch-RUS HL w"]
[Site "Yekaterinburg RUS"]
[Date "2013.06.27"]
[Round "7.10"]
[White "Dordzhieva, Dinara"]
[Black "Sazonova, Anastasia"]
[Result "1/2-1/2"]
[WhiteTitle "WC"]
[BlackTitle "WFM"]
[WhiteElo "2081"]
[BlackElo "2108"]
[WhiteFideId "24157570"]
[BlackFideId "24131008"]
[EventDate "2013.06.20"]

1. d4 Nf6 2. c4 g6 3. g3 Bg7 4. Bg2 O-O 5. Nc3 d6 6. Nf3 Nc6 7. O-O Bf5 8. d5
Na5 9. Nd2 c5 10. h3 a6 11. e4 Bd7 12. Qe2 Rb8 13. a4 Nh5 14. Kh2 e5 15. Rb1 b6
16. b4 cxb4 17. Rxb4 Nb7 18. Ba3 Nc5 19. Rfb1 a5 20. R4b2 Be8 21. Bxc5 dxc5 22.
Nb3 Rc8 23. Nc1 Rb8 24. Nd3 Qd6 25. Nb5 Bxb5 26. Rxb5 Nf6 27. f4 Nd7 28. f5 Bh6
29. Rf1 Rbe8 30. h4 Kh8 31. Bh3 Rg8 32. Qf3 g5 33. h5 f6 34. Bg4 Bf8 35. Nc1 Be7
36. Ne2 Bd8 37. Nc3 Nb8 38. Rb2 Na6 39. Rd1 Nb4 40. Kg2 h6 41. Nb5 Qd7 42. d6
Rg7 43. Rbd2 1/2-1/2

[Event "63rd ch-RUS HL w"]
[Site "Yekaterinburg RUS"]
[Date "2013.06.27"]
[Round "7.12"]
[White "Zasypkina, Evgenia"]
[Black "Korchagina, Viktoria"]
[Result "0-1"]
[BlackTitle "WFM"]
[WhiteElo "1994"]
[BlackElo "2068"]
[WhiteFideId "24102784"]
[BlackFideId "4197224"]
[EventDate "2013.06.20"]

1. e4 c5 2. c3 Nf6 3. e5 Nd5 4. d4 cxd4 5. Nf3 Nc6 6. Bc4 e6 7. cxd4 d6 8. O-O
Be7 9. Nc3 Nxc3 10. bxc3 O-O 11. Qe2 Qa5 12. Bd2 dxe5 13. dxe5 Rd8 14. Rab1 Qc7
15. Rfe1 b6 16. Qe4 Bb7 17. Bd3 g6 18. Qe2 Rd7 19. Bg5 Bxg5 20. Nxg5 Qxe5 21.
Qg4 Qg7 22. Bb5 h5 23. Qg3 Rad8 24. Bc4 e5 25. Bxf7+ Rxf7 26. Ne6 Qf6 27. Nxd8
Nxd8 28. Rxe5 Ne6 29. Qe3 Nf4 30. f3 Kg7 31. c4 h4 32. h3 Bc8 33. Rd1 Be6 34.
Rd6 Nxg2 35. Rdxe6 Nxe3 36. Rxf6 Kxf6 37. Rxe3 Rd7 38. Re2 Rd1+ 39. Kf2 Rh1 40.
Kg2 Rc1 41. Kf2 Rxc4 42. Ke3 Kf5 43. Rd2 Ra4 44. Rd5+ Ke6 45. Rd2 Ke5 46. Rb2
Ra3+ 47. Kf2 Kd4 48. Rd2+ Rd3 49. Rc2 b5 50. Rb2 Kc4 51. Rc2+ Rc3 52. Re2 Kb4
53. Rb2+ Ka4 54. Re2 b4 55. Rd2 a5 56. Ke2 Ka3 0-1

[Event "63rd ch-RUS HL w"]
[Site "Yekaterinburg RUS"]
[Date "2013.06.27"]
[Round "7.13"]
[White "Mirzoeva, Elmira"]
[Black "Saunina, Ludmila"]
[Result "0-1"]
[WhiteTitle "WGM"]
[BlackTitle "WGM"]
[WhiteElo "2244"]
[BlackElo "2208"]
[WhiteFideId "4127951"]
[BlackFideId "4108698"]
[EventDate "2013.06.20"]

1. d4 Nf6 2. c4 e6 3. Nf3 b6 4. g3 Bb7 5. Bg2 Be7 6. Nc3 O-O 7. d5 exd5 8. cxd5
Bb4 9. Nh4 Re8 10. O-O Na6 11. Bd2 Nc5 12. a3 Bxc3 13. Bxc3 Nce4 14. Qd3 Nc5 15.
Qd1 a5 16. Nf5 a4 17. Qd4 Nce4 18. Bxe4 Rxe4 19. Qd2 Rg4 20. f3 Rg6 21. e4 h5
22. Qd4 d6 23. Nh4 Rh6 24. Bd2 Rh7 25. Bg5 Bc8 26. Rfe1 Bd7 27. Rad1 Ra5 28. f4
Bg4 29. Rd2 Rh8 30. f5 Bh3 31. Kh1 Kh7 32. Rd3 Re8 33. Rde3 Rb5 34. Nf3 Rb3 35.
Ng1 Rxe3 36. Rxe3 Bf1 37. Re1 Bb5 38. Nh3 Bd7 39. Re3 Qe7 40. Qc3 Qe5 41. Bxf6
Qxf6 42. Qxf6 gxf6 43. Nf4 Kh6 44. Rc3 Rxe4 45. Rxc7 Bxf5 46. Rxf7 Re1+ 47. Kg2
Rb1 48. Rxf6+ Kg5 49. Rxd6 Rxb2+ 50. Kf1 b5 51. Ra6 Rxh2 52. Ne6+ Kg4 53. Nd4
Rd2 54. Nxf5 Kxf5 55. d6 Ke6 56. Ke1 Rxd6 57. Ra5 Rd5 58. Ke2 Kf5 59. Kf3 Rd3+
60. Kg2 Rb3 61. Kh3 Kg5 62. Kg2 Kg4 63. Kf2 Rb2+ 64. Ke1 Kxg3 65. Ra8 h4 66.
Rg8+ Kh2 67. Ra8 h3 68. Kf1 Kg3 69. Rg8+ Kf3 70. Rf8+ Ke3 71. Kg1 Kd4 72. Rf4+
Kd5 73. Rf5+ Ke4 74. Rf8 Rb3 75. Rb8 Kd4 76. Kh2 Kc3 77. Kxh3 Kb2+ 78. Kg4 Kxa3
79. Kf4 Kb2 80. Rh8 a3 81. Rh2+ Kc3 82. Rh3+ Kb4 0-1

[Event "63rd ch-RUS HL w"]
[Site "Yekaterinburg RUS"]
[Date "2013.06.27"]
[Round "7.14"]
[White "Poliushkina, Darjia"]
[Black "Adamova, Tuyara"]
[Result "0-1"]
[WhiteElo "1940"]
[BlackElo "1927"]
[WhiteFideId "24186660"]
[BlackFideId "24142050"]
[EventDate "2013.06.20"]

1. e4 c5 2. Nf3 e6 3. c4 d6 4. Be2 Nf6 5. Nc3 Be7 6. O-O Nc6 7. d4 cxd4 8. Nxd4
Nxd4 9. Qxd4 O-O 10. Be3 Bd7 11. f4 Bc6 12. Rad1 Qc7 13. b4 b6 14. b5 Bb7 15.
Rf3 Rfd8 16. Rh3 Rac8 17. Qd3 g6 18. Rc1 Nd7 19. g4 Nc5 20. Qc2 Bf6 21. Bf3 Nd7
22. Ne2 d5 23. e5 Bg7 24. Nd4 Nb8 25. Qf2 Qe7 26. Qg2 Rd7 27. g5 dxc4 28. Nc6
Bxc6 29. bxc6 Rdc7 30. Rxc4 Qe8 31. Qc2 Nxc6 32. Bd2 Nd4 33. Rxc7 Nxc2 34. Rxc8
Qxc8 35. Be4 Nd4 36. Rd3 Bf8 37. Kg2 Bc5 38. Be3 Nf5 0-1

[Event "63rd ch-RUS HL w"]
[Site "Yekaterinburg RUS"]
[Date "2013.06.28"]
[Round "8.1"]
[White "Bodnaruk, Anastasia"]
[Black "Tarasova, Viktoriya"]
[Result "1-0"]
[WhiteTitle "IM"]
[BlackTitle "WIM"]
[WhiteElo "2440"]
[BlackElo "2292"]
[WhiteFideId "4181751"]
[BlackFideId "4175840"]
[EventDate "2013.06.20"]

1. e4 e5 2. Nf3 Nc6 3. Bb5 a6 4. Ba4 Nf6 5. O-O Be7 6. Re1 b5 7. Bb3 d6 8. a4
Bg4 9. c3 O-O 10. h3 Bh5 11. d3 Na5 12. Bc2 c5 13. Nbd2 h6 14. Nf1 Nh7 15. Ng3
Bxf3 16. Qxf3 Bg5 17. Nf5 Bxc1 18. Raxc1 Nc6 19. axb5 axb5 20. Ra1 Qf6 21. Bb3
Ne7 22. Qg4 Kh8 23. Ne3 Rab8 24. Ra7 Ng6 25. g3 c4 26. Bc2 cxd3 27. Bxd3 Qd8 28.
Rd7 Qb6 29. Nd5 Qa6 30. h4 Qc8 31. Qf5 h5 32. Rxd6 Rb7 33. Qxh5 1-0

[Event "63rd ch-RUS HL w"]
[Site "Yekaterinburg RUS"]
[Date "2013.06.28"]
[Round "8.3"]
[White "Kashlinskaya, Alina"]
[Black "Charochkina, Daria"]
[Result "1-0"]
[WhiteTitle "WGM"]
[BlackTitle "WGM"]
[WhiteElo "2329"]
[BlackElo "2326"]
[WhiteFideId "4198026"]
[BlackFideId "4180917"]
[EventDate "2013.06.20"]

1. d4 Nf6 2. c4 e6 3. Nc3 Bb4 4. e3 O-O 5. Bd3 c5 6. Nf3 b6 7. O-O Bb7 8. Na4
cxd4 9. exd4 Qc7 10. a3 Be7 11. Nc3 d5 12. cxd5 Nxd5 13. Bd2 Nd7 14. Ne4 Rad8
15. Re1 Nf4 16. Rc1 Qb8 17. Bb1 h6 18. Ne5 Nxg2 19. Kxg2 Nxe5 20. dxe5 Qxe5 21.
Kg1 f5 22. Nc5 Be4 23. Nxe4 fxe4 24. Bxe4 Qxb2 25. Rc2 Qxa3 26. Qg4 Bc5 27. Bxh6
Rf7 28. Bg5 Qb4 29. Ree2 Rd1+ 30. Kg2 Qb1 31. Rc1 Qb3 32. Rxd1 Qxd1 33. Qxe6
Qxe2 34. Qe8+ Bf8 35. Bh7+ Kxh7 36. Qxe2 Bc5 37. f4 a5 38. Kg3 Ra7 39. Qe4+ Kg8
40. Qe8+ Kh7 41. Qa4 Bb4 42. Kg4 Rc7 43. Qb5 Bc5 44. Qd3+ g6 1-0

[Event "63rd ch-RUS HL w"]
[Site "Yekaterinburg RUS"]
[Date "2013.06.28"]
[Round "8.4"]
[White "Kovalevskaya, Ekaterina"]
[Black "Romanko, Marina"]
[Result "1-0"]
[WhiteTitle "IM"]
[BlackTitle "IM"]
[WhiteElo "2407"]
[BlackElo "2368"]
[WhiteFideId "4116704"]
[BlackFideId "4149351"]
[EventDate "2013.06.20"]

1. e4 c6 2. d4 d5 3. exd5 cxd5 4. c3 Nc6 5. Nf3 Bg4 6. Qb3 Qd7 7. Ne5 Nxe5 8.
dxe5 a6 9. Be3 e6 10. Na3 Ne7 11. f4 Nc6 12. Nc2 Bf5 13. Be2 Be4 14. O-O Be7 15.
Nd4 Na5 16. Qd1 Nc4 17. Bc1 f5 18. exf6 Bxf6 19. Bh5+ Kf8 20. b3 Nd6 21. Ba3 Kg8
22. Bxd6 Qxd6 23. Qd2 g6 24. Bf3 Bxf3 25. Rxf3 Kg7 26. Re1 Rhe8 27. Rh3 Kg8 28.
Rhe3 e5 29. fxe5 Rxe5 30. Rxe5 Bxe5 31. g3 Rc8 32. Kg2 Bg7 33. Rf1 Re8 34. Re1
Rc8 35. Rf1 b5 36. Rf3 b4 37. cxb4 Qe5 38. Ne2 d4 39. Qd3 Re8 40. Nf4 g5 41. Nh5
Rd8 42. Nxg7 Kxg7 43. Qf5 Qe7 44. Qc5 Rd6 45. Kf1 h6 46. h3 Qe6 47. Qf5 Qe7 48.
Qd3 Qd7 49. Qf5 Qe7 50. Qd3 Qe8 51. a4 Qe6 52. g4 Rd5 53. b5 axb5 54. axb5 Qb6
55. Rf5 Rd7 56. Qe4 Qd6 57. Qe5+ Qxe5 58. Rxe5 d3 59. Ke1 d2+ 60. Kd1 Rd3 61. b4
Rd4 62. Rc5 Kh7 63. Rc7+ Kg6 64. Rc6+ Kg7 65. b6 Kh7 66. b7 Rxb4 67. Rc7+ Kg6
68. Kxd2 Kf6 69. Kc3 Rb1 70. Kd4 Ke6 71. Rh7 1-0

[Event "63rd ch-RUS HL w"]
[Site "Yekaterinburg RUS"]
[Date "2013.06.28"]
[Round "8.5"]
[White "Vasilevich, Irina"]
[Black "Kovanova, Baira"]
[Result "1/2-1/2"]
[WhiteTitle "IM"]
[BlackTitle "WGM"]
[WhiteElo "2370"]
[BlackElo "2371"]
[WhiteFideId "4141296"]
[BlackFideId "4164083"]
[EventDate "2013.06.20"]

1. e4 e5 2. Nf3 Nc6 3. Bc4 Nf6 4. Ng5 d5 5. exd5 Na5 6. Bb5+ c6 7. dxc6 bxc6 8.
Bd3 Nd5 9. h4 Be7 10. Qf3 Bxg5 11. hxg5 Qxg5 12. Rh5 Qe7 13. Qg3 f5 14. Bxf5 Nf4
15. Rxh7 O-O 16. Be4 Bf5 17. Bxf5 Rxf5 18. Rh1 Raf8 19. d3 R8f6 20. Kd1 e4 21.
Bxf4 Rxf4 22. Nd2 exd3 23. Qxd3 Rd6 24. Qh7+ Kf7 25. Qh5+ Kg8 26. Qh8+ Kf7 27.
Qh5+ Kg8 28. Qh8+ Kf7 1/2-1/2

[Event "63rd ch-RUS HL w"]
[Site "Yekaterinburg RUS"]
[Date "2013.06.28"]
[Round "8.7"]
[White "Bivol, Alina"]
[Black "Monina, Polina"]
[Result "1-0"]
[WhiteTitle "WIM"]
[WhiteElo "2207"]
[BlackElo "1958"]
[WhiteFideId "4100123"]
[BlackFideId "24127019"]
[EventDate "2013.06.20"]

1. e4 e6 2. d4 d5 3. exd5 exd5 4. c4 c6 5. Nf3 Bd6 6. Bd3 Nf6 7. O-O O-O 8. Nc3
dxc4 9. Bxc4 Bg4 10. h3 Bh5 11. g4 Bg6 12. Ne5 b5 13. Bb3 b4 14. Ne2 Be4 15. Ng3
Bd5 16. Bc2 Nfd7 17. f4 Nxe5 18. fxe5 Be7 19. Nf5 Bg5 20. Qd3 g6 21. Nd6 Nd7 22.
Bb3 Nb6 23. Bd2 Bxd2 24. Qxd2 a5 25. Rac1 Qd7 26. Bxd5 Nxd5 27. Ne4 Kg7 28. Rf3
h6 29. Rcf1 Rae8 30. Qf2 Re7 31. Rg3 Qa7 32. h4 Rd8 33. h5 g5 34. Nc5 Nf4 35.
Kh2 Rd5 36. Re1 Kg8 37. Rf3 Ne6 38. Nxe6 Rxe6 39. Re4 c5 40. dxc5 Qxc5 41. Rxf7
Qxf2+ 42. Rxf2 Rexe5 43. Rc4 Re7 44. Kg3 Kg7 45. Rfc2 Rde5 46. Rc7 Kf6 47. Rxe7
Rxe7 48. Kf3 Re6 49. Rc5 Re5 50. Rc6+ Re6 51. Rc7 Ke5 52. Rc5+ Kd4 53. Rxa5 Kd3
54. Rd5+ Kc2 55. Rb5 Rf6+ 56. Kg3 Rf4 57. b3 Kb2 58. Rb6 Kxa2 59. Rxh6 Rf1 60.
Rg6 Kxb3 61. Rxg5 Kb2 62. h6 Rf8 63. h7 Rh8 64. Rg7 b3 65. g5 Kc2 66. Rb7 b2 67.
g6 b1=Q 68. Rxb1 Kxb1 69. Kg4 Kc2 70. Kg5 1-0

[Event "63rd ch-RUS HL w"]
[Site "Yekaterinburg RUS"]
[Date "2013.06.28"]
[Round "8.8"]
[White "Ubiennykh, Ekaterina"]
[Black "Iljushina, Olga"]
[Result "1-0"]
[WhiteTitle "WIM"]
[BlackTitle "WGM"]
[WhiteElo "2344"]
[BlackElo "2334"]
[WhiteFideId "4137582"]
[BlackFideId "4152280"]
[EventDate "2013.06.20"]

1. e4 c5 2. Nf3 Nc6 3. d4 cxd4 4. Nxd4 e5 5. Nb5 d6 6. g3 Be7 7. Bg2 Nf6 8. Bg5
Nxe4 9. Bxe7 Qa5+ 10. N5c3 Nxc3 11. Nxc3 Nxe7 12. Qxd6 Nf5 13. Qd5 Qxd5 14. Bxd5
Nd4 15. O-O-O O-O 16. Rhe1 Bg4 17. Rd3 Bf5 18. Rd2 Rfe8 19. Bxb7 Rad8 20. f4 f6
21. fxe5 fxe5 22. Bd5+ Kh8 23. Rf2 g6 24. Be4 Kg7 25. Nd1 Rc8 26. c3 h5 27. b3
Bxe4 28. Rxe4 Nb5 29. Kb2 Nd6 30. Ra4 Re7 31. Ne3 Rc5 32. Rd2 Nf5 33. Rd5 Rxd5
34. Nxd5 Rd7 35. c4 Nd4 36. Ra6 Nf3 37. h4 Nd2 38. Nc3 e4 39. c5 e3 40. Re6 Nf1
41. c6 Rd8 42. c7 Rc8 43. Nd5 Nxg3 44. Re7+ Kf8 45. Kc2 Nf5 46. Rd7 e2 47. Rd8+
Kf7 48. Kd2 Ne7 49. Nxe7 Rxc7 50. Nd5 Rc2+ 51. Ke1 Rxa2 52. Rd6 Rb2 53. b4 Ra2
54. Rf6+ Kg7 55. Re6 a5 56. Ra6 a4 57. Ra7+ Kh6 58. Nc3 Rc2 59. Nxa4 Rc4 60. b5
Rxh4 61. b6 Rb4 62. b7 h4 63. Nc5 h3 64. Ra8 Kg7 65. Kxe2 h2 66. Ra1 Kf7 67. Rh1
Ke7 68. Rxh2 Kd6 69. Rh8 1-0

[Event "63rd ch-RUS HL w"]
[Site "Yekaterinburg RUS"]
[Date "2013.06.28"]
[Round "8.9"]
[White "Balaian, Alina"]
[Black "Korchagina, Viktoria"]
[Result "1-0"]
[WhiteTitle "WIM"]
[BlackTitle "WFM"]
[WhiteElo "2237"]
[BlackElo "2068"]
[WhiteFideId "24115347"]
[BlackFideId "4197224"]
[EventDate "2013.06.20"]

1. e4 c5 2. Nc3 a6 3. g3 Nc6 4. Bg2 e6 5. Nge2 Nf6 6. O-O Be7 7. h3 O-O 8. Kh1
d5 9. exd5 exd5 10. d4 Bf5 11. Be3 Ne4 12. Nxe4 Bxe4 13. dxc5 Qc8 14. f3 Bg6 15.
c3 Bf6 16. Nf4 d4 17. cxd4 Rd8 18. d5 Bxb2 19. Nxg6 Bxa1 20. Qxa1 Rxd5 21. Nf4
Re5 22. Bf2 Qe8 23. Qb2 Qe7 24. Rd1 Re8 25. Nd5 Qd8 26. Nc3 Qa5 27. Ne4 Qa4 28.
Qb3 Qxb3 29. axb3 f5 30. Nd6 Rb8 31. Bf1 g6 32. Bc4+ Kf8 33. Kg1 Kg7 34. Bd5 Kf8
35. Kf1 a5 36. f4 Re7 37. Ra1 Nb4 38. Bxb7 Rbxb7 39. Nxb7 Rxb7 40. Rxa5 Ke7 41.
Ke2 Ke6 42. Kd2 Nc6 43. Ra6 Kd5 44. Kc3 Re7 45. Ra2 Rb7 46. Re2 Rb8 47. Rb2 Ra8
48. Rd2+ Ke4 49. Rd6 Rc8 50. b4 Kf3 51. Be1 1-0

[Event "63rd ch-RUS HL w"]
[Site "Yekaterinburg RUS"]
[Date "2013.06.28"]
[Round "8.10"]
[White "Saunina, Ludmila"]
[Black "Rodionova, Daria"]
[Result "1/2-1/2"]
[WhiteTitle "WGM"]
[BlackTitle "WFM"]
[WhiteElo "2208"]
[BlackElo "2109"]
[WhiteFideId "4108698"]
[BlackFideId "24136638"]
[EventDate "2013.06.20"]

1. e4 c5 2. Nf3 Nc6 3. d4 cxd4 4. Nxd4 Nf6 5. Nc3 e6 6. Ndb5 Bc5 7. Bf4 O-O 8.
Bd6 Qb6 9. Bxc5 Qxc5 10. Qd6 Qb6 11. Qc7 Qc5 12. Qd6 Qb6 13. Qc7 Qc5 14. Qd6 Qb6
15. Qc7 1/2-1/2

[Event "63rd ch-RUS HL w"]
[Site "Yekaterinburg RUS"]
[Date "2013.06.28"]
[Round "8.11"]
[White "Sazonova, Anastasia"]
[Black "Nasybullina, Alfia"]
[Result "0-1"]
[WhiteTitle "WFM"]
[WhiteElo "2108"]
[BlackElo "2095"]
[WhiteFideId "24131008"]
[BlackFideId "4132416"]
[EventDate "2013.06.20"]

1. e4 c6 2. d4 d5 3. e5 Bf5 4. Nf3 e6 5. Be2 Nd7 6. O-O Ne7 7. a4 c5 8. Na3 a6
9. c4 cxd4 10. cxd5 Nxd5 11. Nxd4 Bg6 12. Nc4 Be7 13. f4 Bc5 14. Kh1 O-O 15. f5
exf5 16. Nxf5 Nb4 17. Qb3 b5 18. axb5 axb5 19. Rxa8 Qxa8 20. Ncd6 Nxe5 21. Qc3
Bxd6 22. Nxd6 Nbd3 23. Be3 b4 24. Qb3 Rd8 25. Nf5 Bxf5 26. Rxf5 Qe4 27. Bxd3
Qxe3 28. Bc4 Nxc4 29. Qxc4 Rd1+ 30. Rf1 Rxf1+ 31. Qxf1 b3 32. h3 h5 33. Qd1 g6
34. Qd8+ Kg7 35. Qd1 Kh6 36. Qf1 Qd2 37. Qxf7 Qxb2 38. Qf4+ Kg7 39. Qc7+ Kg8 40.
Qb8+ Kh7 41. Qb7+ Kh6 42. Qb8 Qc3 43. Qf8+ Qg7 44. Qf4+ Kh7 45. Qb4 b2 46. Qb3
Qf6 47. Kg1 Qd4+ 48. Kh1 Kg7 49. Qb7+ Kh6 50. Qb3 h4 51. Qc2 Kg5 52. Qb3 Qd2 53.
Qb5+ Kh6 54. Qb8 Qe1+ 55. Kh2 Qg3+ 0-1

[Event "63rd ch-RUS HL w"]
[Site "Yekaterinburg RUS"]
[Date "2013.06.28"]
[Round "8.12"]
[White "Adamova, Tuyara"]
[Black "Dordzhieva, Dinara"]
[Result "0-1"]
[BlackTitle "WC"]
[WhiteElo "1927"]
[BlackElo "2081"]
[WhiteFideId "24142050"]
[BlackFideId "24157570"]
[EventDate "2013.06.20"]

1. e4 c5 2. Nf3 Nc6 3. d4 cxd4 4. Nxd4 Qb6 5. Nb3 Nf6 6. Nc3 e6 7. a3 Be7 8. Be3
Qc7 9. Be2 O-O 10. f4 d6 11. O-O a6 12. Qe1 b5 13. g4 d5 14. e5 Nd7 15. Bd3 Rd8
16. Rf3 d4 17. Nxd4 Ndxe5 18. fxe5 Nxd4 19. Rh3 g6 20. Qg3 Bb7 21. Rf1 Qc6 22.
Kf2 Rac8 23. Be4 Qc7 24. Bxb7 Qxb7 25. Qf4 g5 26. Qg3 Nxc2 27. Ke2 Qc6 28. Qf2
Qc4+ 29. Kf3 Nxe3 30. Rg1 Rd3 0-1

[Event "63rd ch-RUS HL w"]
[Site "Yekaterinburg RUS"]
[Date "2013.06.28"]
[Round "8.13"]
[White "Egorova, Ayyyna"]
[Black "Mirzoeva, Elmira"]
[Result "0-1"]
[WhiteTitle "WC"]
[BlackTitle "WGM"]
[WhiteElo "1991"]
[BlackElo "2244"]
[WhiteFideId "24136611"]
[BlackFideId "4127951"]
[EventDate "2013.06.20"]

1. e4 c6 2. d4 d5 3. exd5 cxd5 4. Bd3 Nc6 5. c3 Qc7 6. h3 Nf6 7. Nf3 g6 8. Qc2
Bg7 9. O-O O-O 10. Re1 Nh5 11. Qe2 Nf4 12. Bxf4 Qxf4 13. Ne5 Nxe5 14. dxe5 f6
15. e6 Qe5 16. Nd2 Qxe2 17. Rxe2 Rd8 18. f4 Bh6 19. g3 a6 20. Nb3 b6 21. Nd4 Bb7
22. f5 Kg7 23. Kf2 Rg8 24. h4 g5 25. hxg5 Bxg5 26. Rh1 h6 27. Rc2 Rh8 28. Be2
Rac8 29. Bh5 Rc4 30. Ke2 Rhc8 31. Rd1 b5 32. a3 a5 33. b4 Rxc3 34. Rxc3 Rxc3 35.
Rd3 axb4 36. axb4 Rc4 37. Nxb5 Rxb4 38. Nc7 d4 39. Ra3 Rb2+ 40. Kd3 Be3 41. Na6
Bd5 0-1

[Event "63rd ch-RUS HL w"]
[Site "Yekaterinburg RUS"]
[Date "2013.06.29"]
[Round "9.1"]
[White "Vasilevich, Irina"]
[Black "Bodnaruk, Anastasia"]
[Result "0-1"]
[WhiteTitle "IM"]
[BlackTitle "IM"]
[WhiteElo "2370"]
[BlackElo "2440"]
[WhiteFideId "4141296"]
[BlackFideId "4181751"]
[EventDate "2013.06.20"]

1. e4 c5 2. Nf3 d6 3. d4 cxd4 4. Nxd4 Nf6 5. Nc3 a6 6. Bg5 e6 7. f4 h6 8. Bh4
Be7 9. Qf3 Nbd7 10. O-O-O Qc7 11. Be2 Rg8 12. Qg3 g5 13. fxg5 Ne5 14. Nf3 hxg5
15. Nxg5 Qc5 16. Rhf1 Bd7 17. Qh3 Rh8 18. Nf3 Qe3+ 19. Kb1 Nxe4 20. Bf2 Nxc3+
21. bxc3 Rxh3 22. Bxe3 Rh7 23. Bd3 f5 24. h3 Nxf3 25. Rxf3 Rg7 26. g4 fxg4 27.
Rg3 e5 28. hxg4 Bg5 29. Bb6 Bf4 30. Rh3 Ke7 31. Bf5 Bxf5 32. gxf5 Rf8 33. Bc7
Rxf5 34. Bxd6+ Ke6 35. Bb8 Rf8 36. Ba7 b6 0-1

[Event "63rd ch-RUS HL w"]
[Site "Yekaterinburg RUS"]
[Date "2013.06.29"]
[Round "9.2"]
[White "Goryachkina, Aleksandra"]
[Black "Kovalevskaya, Ekaterina"]
[Result "1/2-1/2"]
[WhiteTitle "WGM"]
[BlackTitle "IM"]
[WhiteElo "2401"]
[BlackElo "2407"]
[WhiteFideId "4147103"]
[BlackFideId "4116704"]
[EventDate "2013.06.20"]

1. d4 d5 2. c4 e6 3. Nf3 c5 4. cxd5 exd5 5. g3 Nc6 6. Bg2 Nf6 7. O-O Be7 8. Nc3
O-O 9. Bg5 c4 10. Ne5 Be6 11. Nxc6 bxc6 12. b3 Qa5 13. Qc2 Rfd8 14. e3 Rac8 15.
bxc4 dxc4 16. Ne4 Qa3 17. Rab1 Nxe4 18. Bxe7 Qxe7 19. Bxe4 g6 20. Rfd1 Bg4 21.
Rdc1 Be6 22. Rd1 Bg4 23. Rdc1 Be6 24. Rd1 1/2-1/2

[Event "63rd ch-RUS HL w"]
[Site "Yekaterinburg RUS"]
[Date "2013.06.29"]
[Round "9.3"]
[White "Drozdova, Dina"]
[Black "Kashlinskaya, Alina"]
[Result "1/2-1/2"]
[WhiteTitle "WIM"]
[BlackTitle "WGM"]
[WhiteElo "2315"]
[BlackElo "2329"]
[WhiteFideId "4170695"]
[BlackFideId "4198026"]
[EventDate "2013.06.20"]

1. d4 d5 2. c4 e6 3. Nc3 c6 4. cxd5 exd5 5. Bf4 Bf5 6. e3 Nf6 7. Bd3 Bxd3 8.
Qxd3 Bd6 9. Bg5 Nbd7 10. Nge2 O-O 11. Ng3 Re8 12. Nf5 Bf8 13. g4 Qa5 14. f3 c5
15. O-O cxd4 16. Nxd4 h6 17. Bh4 Ne5 18. Qb5 Qd8 19. Bxf6 Qxf6 20. Nxd5 Qg5 21.
Kh1 a6 22. Qb3 Nc6 23. Nf5 Rad8 24. Rad1 Qg6 25. Nc7 Rxd1 26. Rxd1 Rd8 27. Rxd8
Nxd8 28. Qd5 Nc6 29. Ne8 Qe6 30. Qxe6 fxe6 31. Nfd6 b5 32. Nb7 Nb4 33. Nc7 Nxa2
34. Nxa6 Be7 35. Nc7 Bf6 36. Nxb5 Bxb2 37. Nd8 e5 38. Nd6 Nb4 39. Kg2 Kf8 40.
Nc4 Bc3 41. Ne6+ Kf7 42. Nc5 Nc6 43. Kf2 Kg6 44. Ke2 h5 45. gxh5+ Kxh5 46. Kd3
Be1 47. Nd7 e4+ 48. Kxe4 Kh4 49. Nde5 Ne7 50. Nd6 Kh3 51. Nf5 Nc8 52. Nxg7 Kxh2
53. f4 Kg2 54. Nc4 Ne7 55. Nf5 Ng6 56. Ne5 Nf8 57. Ng7 Bd2 58. Kd3 Bc1 59. Ke2
Kg3 60. Nf5+ Kh3 61. Nd4 Kg3 62. f5 Nh7 63. Nd7 Kg4 64. e4 Ng5 65. Kd3 Bb2 66.
f6 Nf7 67. Kc4 Kg5 68. Kd5 Kg6 69. Ne5+ Kxf6 70. Nxf7 Kxf7 71. Nf5 Kf6 1/2-1/2